00600 2200229 4500001002100000005001500021035002000036245007400056100001800130250000600148300003100154700001900185260004800204082000800252084001400260020001800274650001000292990001700302990001700319990001700336990001700353INLIS00000000000114020190503053037 a0010-05190000311 aMengenal Kehidupan Hewan /cDadan Ahmad S; Penyunting, Agus Mawardi H0 aDadan Ahmad S a- a96 hlm. :bilus. ;c25 cm.0 aAgus Mawardi H aJakarta :bPT Grafindo Media Pratama,c2006 a590 a590 DAD m a979-758-264-7 aHewan a04082/H/2018 a04083/H/2018 a04084/H/2018 a04085/H/2018